[Event "22nd Dortmund Meeting"]
[Site "Dortmund GER"]
[Date "1994.??.??"]
[Round "1"]
[White "Epishin, Vladimir"]
[Black "Lutz, Christopher"]
[WhiteElo "2650"]
[BlackElo "2595"]
[Result "1/2-1/2"]
[EventDate "1994.07.??"]
[PlyCount "105"]

1.d4 Nf6 2.c4 e6 3.Nf3 d5 4.Nc3 Be7 5.Bg5 h6 6.Bh4 O-O 7.e3 b6 8.Be2 Bb7 
9.Bxf6 Bxf6 10.cxd5 exd5 11.b4 c6 12.O-O Re8 13.Qb3 a5 14.bxa5 Rxa5 15.a4 
Nd7 16.Rfe1 g6 17.Rab1 Bg7 18.Bf1 Ba6 19.Bxa6 Rxa6 20.Rec1 Bf8 21.Ne1 Bd6 
22.Nd3 Nf6 23.h3 Qa8 24.Nb4 Bxb4 25.Qxb4 Kg7 26.Rc2 Ne4 27.Nxe4 Rxe4 28.
Qc3 Re6 29.Rcb2 Qa7 30.Rb4 Rxa4 31.Rxb6 Rc4 32.Qb2 Qa4 33.Rc1 Rxc1+ 34.
Qxc1 Qa5 35.Rb1 Qc7 36.Qc5 Qe7 37.Qa5 Qd7 38.Rb6 Re8 39.Qb4 Rc8 40.Ra6 Qc7
41.Qc5 Qd7 42.Ra7 Rc7 43.Ra8 Rc8 44.Rxc8 Qxc8 45.Qd6 h5 46.h4 Qe6 47.Qc7 
Qf6 48.g3 Qe6 49.Kf1 Qh3+ 50.Ke2 Qg4+ 51.Ke1 Qe6 52.Ke2 Qg4+ 53.Ke1 
1/2-1/2

[Event "22nd Dortmund Meeting"]
[Site "Dortmund GER"]
[Date "1994.??.??"]
[Round "2"]
[White "Karpov, Anatoly"]
[Black "Leko, Peter"]
[WhiteElo "2740"]
[BlackElo "2545"]
[Result "1-0"]
[EventDate "1994.07.??"]
[PlyCount "107"]

1.Nf3 Nf6 2.c4 c5 3.Nc3 Nc6 4.e3 e6 5.d4 d5 6.cxd5 exd5 7.Bb5 Bd6 8.O-O 
O-O 9.h3 cxd4 10.exd4 h6 11.Re1 Qc7 12.Be3 Bd7 13.Rc1 a6 14.Bd3 Rfe8 15.a3
Rac8 16.b4 Bf4 17.Bxf4 Rxe1+ 18.Qxe1 Qxf4 19.Ne2 Qd6 20.Qd2 Ne7 21.Ng3 
Rxc1+ 22.Qxc1 Nc6 23.Qc5 Qb8 24.Ne2 b6 25.Qc3 a5 26.Ne5 Qd6 27.Nxd7 Nxd7 
28.Bb5 Ndb8 29.bxa5 bxa5 30.Nc1 Qc7 31.Nb3 Qb6 32.a4 g6 33.h4 h5 34.Qc5 
Qxc5 35.dxc5 Kf8 36.f3 Ke7 37.Kf2 Kd8 38.Ke3 Kc7 39.g4 f6 40.gxh5 gxh5 41.
Kf4 Nd7 42.Kf5 Nce5 43.Be2 d4 44.Nxd4 Nxc5 45.f4 Ned7 46.Bxh5 Nxa4 47.Be8 
Nac5 48.h5 a4 49.h6 Nf8 50.Kxf6 a3 51.Ke7 a2 52.Nc2 Nce6 53.Bf7 Nd4 54.
Kxf8 1-0

[Event "22nd Dortmund Meeting"]
[Site "Dortmund GER"]
[Date "1994.??.??"]
[Round "2"]
[White "Yusupov, Artur"]
[Black "Epishin, Vladimir"]
[WhiteElo "2665"]
[BlackElo "2650"]
[Result "0-1"]
[EventDate "1994.07.??"]
[PlyCount "112"]

1.d4 Nf6 2.c4 e6 3.Nc3 Bb4 4.e3 c5 5.Bd3 Nc6 6.Nf3 Bxc3+ 7.bxc3 d6 8.O-O 
O-O 9.e4 e5 10.d5 Ne7 11.Nh4 Ng6 12.Nf5 Re8 13.Rb1 h6 14.Qf3 Rb8 15.g3 Nh7
16.h4 Ne7 17.Ne3 Rf8 18.Nf5 Nxf5 19.exf5 Re8 20.Be4 Bd7 21.Kg2 b5 22.Rh1 
Nf6 23.g4 Qa5 24.g5 Nxe4 25.Qxe4 h5 26.cxb5 Qxc3 27.a4 Qd4 28.f3 a6 29.Be3
Qxe4 30.fxe4 axb5 31.axb5 Bxb5 32.Kf3 Bd3 33.Rxb8 Rxb8 34.Bd2 Rb2 35.Ba5 
c4 36.Re1 Kf8 37.f6 gxf6 38.gxf6 Ke8 39.Rg1 Be2+ 40.Kg3 Kd7 41.Rg2 Rb5 42.
Bd2 Bd3 43.Kf3 Rb2 44.Ke3 Bxe4 45.Kxe4 c3 46.Ke3 cxd2 47.Rxd2 Rxd2 48.Kxd2
Kc7 49.Kc3 Kb6 50.Kb4 e4 51.Kc4 e3 52.Kd3 Kc5 53.Kxe3 Kxd5 54.Kf4 Ke6 55.
Kg5 d5 56.Kxh5 Kxf6 0-1

[Event "22nd Dortmund Meeting"]
[Site "Dortmund GER"]
[Date "1994.??.??"]
[Round "3"]
[White "Epishin, Vladimir"]
[Black "Karpov, Anatoly"]
[WhiteElo "2650"]
[BlackElo "2740"]
[Result "1/2-1/2"]
[EventDate "1994.07.??"]
[PlyCount "53"]

1.d4 Nf6 2.c4 e6 3.Nf3 b6 4.g3 Ba6 5.b3 b5 6.cxb5 Bxb5 7.Bg2 a5 8.O-O d5 
9.Nc3 Ba6 10.Qc2 Bb4 11.Bf4 O-O 12.Na4 Bd6 13.Rfc1 Bb5 14.Nc3 Be8 15.a3 
Na6 16.e3 Qe7 17.Bxd6 cxd6 18.Rab1 Rb8 19.Ne1 Qa7 20.Nd3 Bd7 21.b4 axb4 
22.Nxb4 Nc7 23.Rb3 Rfc8 24.Qb2 Na8 25.Bf1 h5 26.Rb1 Qa5 27.Nba2 1/2-1/2

[Event "22nd Dortmund Meeting"]
[Site "Dortmund GER"]
[Date "1994.??.??"]
[Round "3"]
[White "Leko, Peter"]
[Black "Kortschnoj, Viktor"]
[WhiteElo "2545"]
[BlackElo "2615"]
[Result "0-1"]
[EventDate "1994.07.??"]
[PlyCount "90"]

1.e4 c5 2.Nf3 d6 3.d4 cxd4 4.Nxd4 Nf6 5.Nc3 Nc6 6.Bg5 e6 7.Qd2 a6 8.O-O-O 
h6 9.Be3 Bd7 10.f3 b5 11.Nxc6 Bxc6 12.Qf2 Qc7 13.Kb1 Be7 14.g4 b4 15.Ne2 
d5 16.Bb6 Qb7 17.e5 Nxg4 18.Qd4 Nxe5 19.Qxe5 Qxb6 20.Qxg7 Rf8 21.Nd4 Bd7 
22.Qxh6 O-O-O 23.f4 Rg8 24.Nf3 Rg6 25.Qh5 Rf6 26.Qh4 Kb7 27.Ne5 Qe3 28.Bd3
Qxf4 29.Qh5 Rf5 30.Bxf5 Qxe5 31.Rhe1 Qd6 32.Be4 f5 33.Bxd5+ exd5 34.Qf7 
Bh4 35.Rxd5 Qc7 36.Red1 Bc6 37.Qxf5 Bxd5 38.Rxd5 Qc6 39.c4 Qxc4 40.Qf7+ 
Qc7 41.Qf3 Qc6 42.Qf7+ Kb6 43.Rxd8 Qe4+ 44.Kc1 Bxd8 45.Qf2+ Kc6 0-1

[Event "22nd Dortmund Meeting"]
[Site "Dortmund GER"]
[Date "1994.??.??"]
[Round "3"]
[White "Lutz, Christopher"]
[Black "Yusupov, Artur"]
[WhiteElo "2595"]
[BlackElo "2665"]
[Result "0-1"]
[EventDate "1994.07.??"]
[PlyCount "82"]

1.e4 e5 2.Nf3 Nc6 3.Nc3 Nf6 4.Bb5 Bb4 5.O-O O-O 6.d3 d6 7.Bg5 Bxc3 8.bxc3 
Qe7 9.Re1 Nd8 10.d4 Ne6 11.Bc1 Rd8 12.a4 Nf8 13.Bf1 Ng6 14.g3 h6 15.Bg2 a5
16.c4 Be6 17.Qe2 Nd7 18.d5 Bg4 19.h3 Bxf3 20.Qxf3 Ngf8 21.Qg4 Nf6 22.Qe2 
N8d7 23.f4 Nc5 24.Bb2 Re8 25.Qf2 Nfd7 26.Kh2 Ra6 27.Bc3 c6 28.Bd2 Rc8 29.
Be3 b6 30.Bf3 Ra7 31.fxe5 Nxe5 32.Bxc5 bxc5 33.Be2 Rb7 34.Reb1 Rcb8 35.Qe1
Rb4 36.c3 Rb2 37.Kg2 Nd3 38.Qf1 Qxe4+ 39.Kg1 Qe3+ 40.Kh1 Rxb1 41.Rxb1 Rxb1
0-1

[Event "22nd Dortmund Meeting"]
[Site "Dortmund GER"]
[Date "1994.??.??"]
[Round "4"]
[White "Kortschnoj, Viktor"]
[Black "Epishin, Vladimir"]
[WhiteElo "2615"]
[BlackElo "2650"]
[Result "1/2-1/2"]
[EventDate "1994.07.??"]
[PlyCount "83"]

1.d4 Nf6 2.c4 e6 3.Nf3 b6 4.g3 Ba6 5.Nbd2 Bb7 6.Bg2 d5 7.cxd5 exd5 8.Ne5 
Be7 9.Qa4+ c6 10.O-O O-O 11.e4 Nfd7 12.Nd3 Na6 13.Nf4 Nc7 14.Qb3 a5 15.Rd1
a4 16.Qc2 Re8 17.Nb1 b5 18.Nc3 Nb6 19.b3 axb3 20.Qxb3 b4 21.Nce2 Ba6 22.
Bd2 Bc4 23.Qb1 Ra4 24.Nc1 Nb5 25.Nb3 Qa8 26.exd5 Nxd5 27.Nxd5 cxd5 28.Nc5 
Rxa2 29.Rxa2 Qxa2 30.Qxa2 Bxa2 31.Bxb4 Bf6 32.Bf1 Nxd4 33.Nd7 Nf3+ 34.Kg2 
Ne5 35.Nxf6+ gxf6 36.Bc3 Rc8 37.Bd4 Rc2 38.Bd3 Nxd3 39.Rxd3 Kg7 40.Rf3 Rc6
41.g4 Bb1 42.Rxf6 1/2-1/2

[Event "22nd Dortmund Meeting"]
[Site "Dortmund GER"]
[Date "1994.??.??"]
[Round "4"]
[White "Timman, Jan"]
[Black "Yusupov, Artur"]
[WhiteElo "2620"]
[BlackElo "2665"]
[Result "1-0"]
[EventDate "1994.07.??"]
[PlyCount "59"]

1.e4 e5 2.Nf3 Nf6 3.Nxe5 d6 4.Nf3 Nxe4 5.d4 d5 6.Bd3 Nc6 7.O-O Be7 8.Re1 
Bg4 9.c4 Nf6 10.Nc3 O-O 11.cxd5 Nxd5 12.h3 Be6 13.a3 a6 14.Bc2 Re8 15.Be3 
Qd7 16.Qd2 Rad8 17.Rad1 Nxc3 18.bxc3 Bxa3 19.Bg5 Be7 20.Qf4 Bd5 21.Bxe7 
Rxe7 22.Ng5 h6 23.Ne4 Rde8 24.Re3 Bxe4 25.Bxe4 Na5 26.Bd3 b5 27.Ra1 Nb7 
28.Rxa6 Nd6 29.Re5 g5 30.Rxg5+ 1-0

[Event "22nd Dortmund Meeting"]
[Site "Dortmund GER"]
[Date "1994.??.??"]
[Round "5"]
[White "Lutz, Christopher"]
[Black "Kortschnoj, Viktor"]
[WhiteElo "2595"]
[BlackElo "2615"]
[Result "1-0"]
[EventDate "1994.07.??"]
[PlyCount "89"]

1.d4 Nf6 2.c4 e6 3.Nf3 b6 4.a3 Bb7 5.Nc3 d5 6.Bg5 dxc4 7.e3 Be7 8.Bxc4 O-O
9.O-O Nbd7 10.Qe2 Ne4 11.Nxe4 Bxe4 12.Bf4 Bd6 13.Bg3 Qe7 14.Rfd1 Bxg3 15.
hxg3 c5 16.dxc5 Nxc5 17.b4 Na4 18.Rd4 Bxf3 19.Qxf3 Rac8 20.Bb5 Nc3 21.Rd7 
Qg5 22.Ba6 Rcd8 23.Rxa7 b5 24.Rc1 Qe5 25.e4 Nxe4 26.Rac7 f5 27.Qf4 Qb2 28.
Bxb5 Rd2 29.Rf1 Rfd8 30.Bc4 Qf6 31.Rc6 Rd1 32.Bxe6+ Kh8 33.Rxd1 Rxd1+ 34.
Kh2 g5 35.Rc8+ Kg7 36.Qc7+ Kh6 37.Bb3 Rd6 38.f3 Nd2 39.Ba4 Nf1+ 40.Kg1 
Nxg3 41.Qxd6 Qxd6 42.Rc6 Qxc6 43.Bxc6 Kg6 44.Kf2 f4 45.b5 1-0

[Event "22nd Dortmund Meeting"]
[Site "Dortmund GER"]
[Date "1994.??.??"]
[Round "5"]
[White "Yusupov, Artur"]
[Black "Karpov, Anatoly"]
[WhiteElo "2665"]
[BlackElo "2740"]
[Result "1/2-1/2"]
[EventDate "1994.07.??"]
[PlyCount "90"]

1.d4 Nf6 2.c4 e6 3.Nc3 Bb4 4.e3 c5 5.Bd3 Nc6 6.Nf3 Bxc3+ 7.bxc3 d6 8.e4 e5
9.h3 h6 10.Be3 b6 11.d5 Ne7 12.Nd2 g5 13.h4 gxh4 14.Rxh4 Ng6 15.Rh1 Ng4 
16.Nf1 Nf4 17.g3 Ng2+ 18.Ke2 N4xe3 19.Nxe3 Nxe3 20.Kxe3 Qg5+ 21.Ke2 Ke7 
22.Qg1 Bd7 23.Qh2 Rab8 24.a4 Rbg8 25.Qh4 Bg4+ 26.f3 Bd7 27.Kf2 f6 28.Ra2 
h5 29.a5 bxa5 30.Qxg5 fxg5 31.Rxa5 Ra8 32.Rha1 h4 33.Rxa7 Rxa7 34.Rxa7 Rb8
35.gxh4 gxh4 36.Bf1 Kd8 37.Ra2 Kc7 38.Kg2 Rb1 39.Ra7+ Kd8 40.Ra8+ Bc8 41.
Kf2 Kc7 42.Ra7+ Bb7 43.Ra2 Bc8 44.Ra7+ Bb7 45.Ra2 Bc8 1/2-1/2

[Event "22nd Dortmund Meeting"]
[Site "Dortmund GER"]
[Date "1994.??.??"]
[Round "7"]
[White "Epishin, Vladimir"]
[Black "Adams, Michael"]
[WhiteElo "2650"]
[BlackElo "2675"]
[Result "1/2-1/2"]
[EventDate "1994.07.??"]
[PlyCount "142"]

1.d4 Nf6 2.Nf3 c5 3.d5 e6 4.Nc3 exd5 5.Nxd5 Nxd5 6.Qxd5 d6 7.e4 Be7 8.Bg5 
Bxg5 9.Nxg5 O-O 10.Bc4 Qe7 11.Nxf7 Rxf7 12.O-O-O Nc6 13.Qxd6 Kf8 14.Bxf7 
Kxf7 15.Qxe7+ Kxe7 16.h4 Be6 17.a3 Rf8 18.f3 Ne5 19.h5 h6 20.Rh4 b6 21.b3 
a5 22.Kb2 a4 23.f4 Nc6 24.Rd3 axb3 25.cxb3 Rb8 26.Rg3 Kf8 27.f5 Bf7 28.
Rhg4 Re8 29.Rxg7 Rxe4 30.Rh7 Re2+ 31.Kc3 Nd4 32.Rxh6 Nxf5 33.Rh8+ Ke7 34.
Rh3 Nd4 35.Rb8 Be6 36.Rxb6 Rc2+ 37.Kd3 Bf5+ 38.Ke3 Bxh3 39.gxh3 Rc3+ 40.
Ke4 Rxh3 41.b4 Ne6 42.bxc5 Nxc5+ 43.Kd5 Rxh5+ 44.Kc4 Kd7 45.Rg6 Nb7 46.a4 
Nd6+ 47.Kb4 Kc6 48.Rg3 Rh4+ 49.Kb3 Ne4 50.Rg6+ Kd5 51.a5 Nc5+ 52.Kc3 Rh3+ 
53.Kb2 Rb3+ 54.Ka2 Rb5 55.a6 Ra5+ 56.Kb2 Kc4 57.Rg4+ Kb5 58.Rg8 Rxa6 59.
Kc3 Ne6 60.Kd3 Kc5 61.Rh8 Ra4 62.Rh5+ Kd6 63.Ke3 Nf4 64.Rf5 Nd5+ 65.Kd3 
Kc5 66.Rf3 Rd4+ 67.Ke2 Kc4 68.Rf8 Rd3 69.Rf3 Nc3+ 70.Kf2 Ne4+ 71.Ke2 Rxf3 
1/2-1/2

[Event "22nd Dortmund Meeting"]
[Site "Dortmund GER"]
[Date "1994.??.??"]
[Round "7"]
[White "Lutz, Christopher"]
[Black "Piket, Jeroen"]
[WhiteElo "2595"]
[BlackElo "2660"]
[Result "0-1"]
[EventDate "1994.07.??"]
[PlyCount "122"]

1.d4 d5 2.c4 c6 3.Nf3 e6 4.Bg5 Be7 5.Bxe7 Qxe7 6.Nbd2 Nf6 7.e3 O-O 8.Bd3 
Nbd7 9.cxd5 exd5 10.O-O Ne4 11.Qc2 Re8 12.Rfe1 Ndf6 13.Nf1 g6 14.Rab1 a5 
15.a3 Be6 16.Ne5 Nd7 17.Nxd7 Qxd7 18.f3 Nd6 19.Ng3 b6 20.Rbd1 f5 21.Nf1 
Rac8 22.b4 Qa7 23.Qb2 c5 24.bxc5 bxc5 25.dxc5 Qxc5 26.Rb1 Bf7 27.a4 Nc4 
28.Qc3 Qa7 29.Bxc4 Rxc4 30.Qa3 Qe7 31.Qa1 Qe5 32.Nd2 Qxa1 33.Rxa1 Rc3 34.
Kf2 d4 35.exd4 Rd8 36.Re3 Rc2 37.Re2 Rxd4 38.Nf1 Bb3 39.Rxc2 Bxc2 40.Ne3 
Bxa4 41.g3 Kf7 42.f4 Ke6 43.h4 h5 44.Nf1 Kd6 45.Ke3 Re4+ 46.Kf2 Kc5 47.Nd2
Rb4 48.Rc1+ Kb6 49.Nc4+ Ka6 50.Ne5 Bb5 51.Nxg6 a4 52.Ra1 Ka5 53.Ne7 Rb2+ 
54.Kf3 Rb3+ 55.Kf2 Rb2+ 56.Kf3 Rb3+ 57.Kf2 Bd3 58.Nc6+ Kb5 59.Nd4+ Kb4 60.
Ke3 Rc3 61.Kd2 a3 0-1

[Event "22nd Dortmund Meeting"]
[Site "Dortmund GER"]
[Date "1994.??.??"]
[Round "8"]
[White "Leko, Peter"]
[Black "Epishin, Vladimir"]
[WhiteElo "2545"]
[BlackElo "2650"]
[Result "1/2-1/2"]
[EventDate "1994.07.??"]
[PlyCount "51"]

1.e4 c6 2.d4 d5 3.Nc3 dxe4 4.Nxe4 Nd7 5.Nf3 Ngf6 6.Ng3 e6 7.Bd3 c5 8.O-O 
cxd4 9.Nxd4 Bc5 10.Nb3 Be7 11.Re1 O-O 12.Qf3 a5 13.a4 Nd5 14.Bb5 Nb4 15.
Qe2 Nf6 16.c3 Nbd5 17.Nd4 Qb6 18.Nf3 Bd7 19.Bd3 Rfd8 20.Ne5 Be8 21.Ne4 
Nxe4 22.Qxe4 Nf6 23.Qe2 Nd7 24.Be3 Qc7 25.Nxd7 Bxd7 26.Red1 1/2-1/2

[Event "22nd Dortmund Meeting"]
[Site "Dortmund GER"]
[Date "1994.??.??"]
[Round "8"]
[White "Piket, Jeroen"]
[Black "Yusupov, Artur"]
[WhiteElo "2660"]
[BlackElo "2665"]
[Result "1/2-1/2"]
[EventDate "1994.07.??"]
[PlyCount "56"]

1.d4 Nf6 2.c4 e6 3.Nf3 d5 4.Nc3 Be7 5.Bg5 h6 6.Bxf6 Bxf6 7.e3 O-O 8.Qb3 c6
9.Rd1 Nd7 10.Bd3 Rb8 11.O-O b5 12.cxd5 cxd5 13.Rc1 a6 14.Ne2 Bb7 15.Bb1 e5
16.dxe5 Nxe5 17.Nfd4 g6 18.Rfd1 Qd6 19.h3 Rfc8 20.a4 b4 21.Bd3 Rxc1 22.
Rxc1 Rc8 23.Rxc8+ Bxc8 24.Qc2 Bd7 25.b3 h5 26.Nf4 h4 27.Be2 Bd8 28.Nd3 
Nxd3 1/2-1/2

[Event "22nd Dortmund Meeting"]
[Site "Dortmund GER"]
[Date "1994.??.??"]
[Round "8"]
[White "Timman, Jan"]
[Black "Kortschnoj, Viktor"]
[WhiteElo "2620"]
[BlackElo "2615"]
[Result "0-1"]
[EventDate "1994.07.??"]
[PlyCount "92"]

1.d4 Nf6 2.c4 e6 3.Nc3 Bb4 4.e3 b6 5.Ne2 Ba6 6.Ng3 Bxc3+ 7.bxc3 d5 8.Ba3 
Bxc4 9.Bxc4 dxc4 10.Qa4+ Qd7 11.Qxc4 Qc6 12.Qxc6+ Nxc6 13.Rc1 O-O-O 14.c4 
Kb7 15.Ke2 Rd7 16.f3 Rhd8 17.Bb2 Ne8 18.Ne4 h6 19.g4 Na5 20.c5 Nc6 21.Rhd1
Nf6 22.Nxf6 gxf6 23.d5 Rxd5 24.Bxf6 Rg8 25.e4 Rxd1 26.Rxd1 h5 27.h3 Rg6 
28.g5 Kc8 29.cxb6 axb6 30.Kf2 Rg8 31.Kg3 Nb8 32.Kh4 Nd7 33.e5 c5 34.Kxh5 
Kc7 35.h4 c4 36.Kh6 b5 37.Kh7 Ra8 38.Rd2 c3 39.Rc2 b4 40.Be7 Rxa2 41.Rxa2 
b3 42.Rc2 bxc2 43.Ba3 Nxe5 44.h5 Nd3 45.g6 fxg6 46.hxg6 Nb2 0-1

[Event "22nd Dortmund Meeting"]
[Site "Dortmund GER"]
[Date "1994.??.??"]
[Round "9"]
[White "Karpov, Anatoly"]
[Black "Piket, Jeroen"]
[WhiteElo "2740"]
[BlackElo "2660"]
[Result "1/2-1/2"]
[EventDate "1994.07.??"]
[PlyCount "47"]

1.d4 d5 2.c4 e6 3.Nf3 Nf6 4.e3 Be7 5.b3 O-O 6.Bb2 b6 7.Nbd2 Bb7 8.Bd3 dxc4
9.Nxc4 Nbd7 10.O-O c5 11.Qe2 cxd4 12.Nxd4 Nc5 13.Bc2 Rc8 14.Rac1 Qd5 15.f3
Rfd8 16.e4 Qh5 17.Rfd1 Ba6 18.Bb1 Nfd7 19.f4 Qxe2 20.Nxe2 Nf6 21.e5 Rxd1+ 
22.Rxd1 Nd5 23.Rc1 Rd8 24.g3 1/2-1/2